Más allá del documento : (Record no. 331)

MARC details
000 -LEADER
campo de control de longitud fija 01301mam a2200301 a 4500
001 - NÚMERO DE CONTROL
campo de control 3365009
005 - FECHA Y HORA DE LA ÚLTIMA TRANSACCIÓN
campo de control 20220326193303.0
008 - DATOS DE LONGITUD FIJA--INFORMACIÓN GENERAL
campo de control de longitud fija 010214s2000 sp a c 000 0 spa d
020 ## - NÚMERO INTERNACIONAL ESTÁNDAR DEL LIBRO
Número Internacional Estándar del Libro 8480269693
035 ## - NÚMERO DE CONTROL DEL SISTEMA
Número de control de sistema (OCoLC)ocm46331181
040 ## - FUENTE DE CATALOGACIÓN
Centro catalogador/agencia de origen PL#
Centro/agencia transcriptor PL#
Centro/agencia modificador IBZ
-- CLU
043 ## - CÓDIGO DE ÁREA GEOGRÁFICA
Código de área geográfica s-cl---
082 ## - NÚMERO DE LA CLASIFICACIÓN DECIMAL DEWEY
Número de clasificación 708
Número de ítem M986ma
090 ## - LOCALMENTE ASIGNADO TIPO-LC NÚMERO DE CLASIFICACIÓN (OCLC); NÚMERO DE CLASIFICACIÓN LOCAL (RLIN)
Número de clasificación (OCLC) (R) ; Numero de clasificación, CALL (RLIN) (NR) TR646.L29
Número cutter local (OCLC) ; Número de libro/Signatura topográfica íntegra, CALL (RLIN) M37 2000
110 ## - ENTRADA PRINCIPAL--NOMBRE DE ENTIDAD CORPORATIVA
Nombre de entidad corporativa o nombre de jurisdicción como elemento de entrada Museo Nacional Centro de Arte Reina Sofia
9 (RLIN) 1491
245 00 - MENCIÓN DEL TÍTULO
Título Más allá del documento :
Resto del título Museo Nacional Centro de Arte Reina Sofía, 12/XII/00-12/II/01.
260 ## - PUBLICACIÓN, DISTRIBUCIÓN, ETC.
Lugar de publicación, distribución, etc. [Spain] :
Nombre del editor, distribuidor, etc. El Museo,
Fecha de publicación, distribución, etc. c2000.
300 ## - DESCRIPCIÓN FÍSICA
Extensión 254 p. :
Otras características físicas ill. (some col.) ;
Dimensiones 28 cm.
500 ## - NOTA GENERAL
Nota general Catalog of one of five exhibitions collectively called 'Versiones del Sur'.
505 ## - NOTA DE CONTENIDO CON FORMATO
Título Mas alla del Documento: una Introducción
Mención de responsabilidad Mónica Amor - Octavio Zaya
Título Perturbación del Archivo
Mención de responsabilidad Charles Merewether
Título Antes de ir más allá
Mención de responsabilidad Margaret Sundell
Título Marc Ferrez, algo más que vistas
Mención de responsabilidad Fernando Azevedo
650 #0 - PUNTO DE ACCESO ADICIONAL DE MATERIA--TÉRMINO DE MATERIA
Término de materia o nombre geográfico como elemento de entrada Photography, Artistic
Subdivisión de forma Exhibitions.
9 (RLIN) 1562
650 #0 - PUNTO DE ACCESO ADICIONAL DE MATERIA--TÉRMINO DE MATERIA
Término de materia o nombre geográfico como elemento de entrada Photography
Subdivisión geográfica Latin America
Subdivisión de forma Exhibitions.
9 (RLIN) 1563
650 #0 - PUNTO DE ACCESO ADICIONAL DE MATERIA--TÉRMINO DE MATERIA
Término de materia o nombre geográfico como elemento de entrada Photographers
Subdivisión geográfica Latin America
Subdivisión de forma Exhibitions.
9 (RLIN) 1564
653 ## - TÉRMINO DE INDIZACIÓN--NO CONTROLADO
Término no controlado Fotografía
-- América Latina
-- Exposiciones.
710 2# - ENTRADA AGREGADA--NOMBRE DE ENTIDAD CORPORATIVA
Nombre de entidad corporativa o nombre de jurisdicción como elemento de entrada Museo Nacional Centro de Arte Reina Sofía.
9 (RLIN) 1491
740 0# - ENTRADA AGREGADA--TÍTULO RELACIONADO/ANALÍTICO NO CONTROLADO
Título relacionado o analítico no controlado Versiones del Sur.
Holdings
Estatus retirado Estado de pérdida Fuente del sistema de clasificación o colocación Estado de daño No para préstamo Biblioteca de origen Biblioteca actual Ubicación en estantería Fecha de adquisición Total de préstamos Signatura topográfica completa Código de barras Visto por última vez Precio de reemplazo Tipo de ítem Koha
    Clasificación Decimal Dewey     Biblioteca LadoV Biblioteca LadoV   07/11/2014   708 M986ma 000356 07/11/2014 07/11/2014 Material 01